[Event "Wch Seniors 65 24th"]
[Site "Katerini"]
[Date "2014.11.04"]
[Round "11"]
[White "Doubleday, William G"]
[Black "Bibilashvili, Giorgi"]
[Result "1/2-1/2"]
[WhiteElo "2057"]
[BlackElo "2169"]
[PlyCount "25"]
[EventDate "2014.10.24"]
[EventType "swiss"]
[EventRounds "11"]
[EventCountry "GRE"]
[SourceTitle "EXT 2015"]
[Source "ChessBase"]
[SourceDate "2014.11.20"]
[SourceVersion "1"]
[SourceVersionDate "2014.11.20"]
[SourceQuality "1"]

1. d4 Nf6 2. c4 e6 3. Nc3 Bb4 4. e3 0-0 5. Nge2 b6 6. a3 Bxc3+ 7. Nxc3 Bb7 8. Bd3 d5 9. 0-0 Nbd7 10. b4 c5 11. dxc5 dxc4 12. Bxc4 bxc5 13. Bb2 1/2-1/2

[Event "Tbilisi Gaprindashvili Cup"]
[Site "Tbilisi"]
[Date "2014.09.09"]
[Round "1"]
[White "Fier, Alexandr"]
[Black "Bibilashvili, Giorgi"]
[Result "1-0"]
[WhiteElo "2579"]
[BlackElo "2217"]
[PlyCount "67"]
[EventDate "2014.09.09"]
[EventType "swiss"]
[EventRounds "9"]
[EventCountry "GEO"]
[SourceTitle "CBM 162 Extra"]
[Source "ChessBase"]
[SourceDate "2014.10.17"]
[SourceVersion "1"]
[SourceVersionDate "2014.10.17"]
[SourceQuality "1"]

1. d4 Nf6 2. c4 e6 3. Nc3 d5 4. cxd5 exd5 5. Bg5 c6 6. e3 Be7 7. Bd3 0-0 8. Qc2 Nbd7 9. Nf3 Re8 10. 0-0 Ne4 11. Bxe4 Bxg5 12. Bxh7+ Kf8 13. Bd3 Be7 14. Rae1 Nf6 15. Ne5 a6 16. f4 c5 17. Qf2 Kg8 18. h3 b5 19. Nc6 Qc7 20. Nxe7+ Rxe7 21. Qh4 Bb7 22. Rf3 Ne4 23. dxc5 Qxc5 24. Bxe4 dxe4 25. Rg3 f5 26. Ne2 Rf8 27. Rc1 Qd6 28. Nd4 Ref7 29. Rg5 Qe7 30. Qh5 Qd7 31. Rc5 Bd5 32. Qh4 Rf6 33. Rh5 Kf7 34. Qxf6+ 1-0

[Event "GEO-ch 60th 1 Liga"]
[Site "Tbilisi"]
[Date "2000.04.??"]
[Round "5"]
[White "Bibilashvili, Giorgi"]
[Black "Kviriashvili, Ioseb"]
[Result "1-0"]
[WhiteElo "2208"]
[BlackElo "2252"]
[PlyCount "80"]
[EventDate "2000.??.??"]
[EventType "swiss"]
[EventRounds "9"]
[EventCountry "GEO"]
[SourceTitle "EXT 2004"]
[Source "ChessBase"]
[SourceDate "2003.11.25"]
[SourceVersion "1"]
[SourceVersionDate "2003.11.25"]
[SourceQuality "1"]

1. e4 Nf6 2. e5 Nd5 3. c4 Nb6 4. d4 d6 5. exd6 cxd6 6. Nc3 g6 7. Be3 Bg7 8. Nf3 0-0 9. Be2 d5 10. c5 Nc4 11. Bxc4 dxc4 12. 0-0 Bf5 13. b3 Bd3 14. Re1 b6 15. bxc4 Bxc4 16. Qa4 Bd5 17. Nxd5 Qxd5 18. Rac1 e6 19. Bf4 bxc5 20. Rxc5 Qd8 21. Bg5 Qd6 22. Rec1 h6 23. Bd2 Nd7 24. Rc6 Qb8 25. Bb4 Nb6 26. Qa3 Rc8 27. Rxc8+ Nxc8 28. Bc5 Qb5 29. Ne5 Qb7 30. h3 Rb8 31. Qa4 Nb6 32. Bxb6 axb6 33. Qc6 Qxc6 34. Rxc6 Rb7 35. g3 b5 36. Rc8+ Kh7 37. Ra8 b4 38. Kg2 g5 39. Ra4 Bf6 40. Kf3 Kg7 1-0

[Event "GEO-ch 60th 1 Liga"]
[Site "Tbilisi"]
[Date "2000.04.??"]
[Round "1"]
[White "Bibilashvili, Giorgi"]
[Black "Shengelia, Davit"]
[Result "0-1"]
[WhiteElo "2208"]
[BlackElo "2387"]
[PlyCount "108"]
[EventDate "2000.??.??"]
[EventType "swiss"]
[EventRounds "9"]
[EventCountry "GEO"]
[SourceTitle "EXT 2004"]
[Source "ChessBase"]
[SourceDate "2003.11.25"]
[SourceVersion "1"]
[SourceVersionDate "2003.11.25"]
[SourceQuality "1"]

1. e4 c5 2. Nf3 d6 3. Bb5+ Nc6 4. 0-0 Bd7 5. Re1 a6 6. Bxc6 Bxc6 7. d4 cxd4 8. Nxd4 Nf6 9. Nxc6 bxc6 10. c4 g6 11. Qf3 Qd7 12. Bd2 Bg7 13. Bc3 0-0 14. e5 dxe5 15. Bxe5 a5 16. Nc3 a4 17. Rad1 Qb7 18. Ne4 Nxe4 19. Qxe4 Bxe5 20. Qxe5 Qb4 21. c5 Rab8 22. Rb1 e6 23. Re4 Qb5 24. Rd4 Rbd8 25. h4 h5 26. b4 Rd5 27. Rxd5 exd5 28. g3 Qc4 29. a3 Qd3 30. Ra1 Qf3 31. Qe3 Qg4 32. Rc1 d4 33. Qd3 Rd8 34. Rc4 Qd7 35. Rc1 Qd5 36. Rc4 Kg7 37. Rc1 Qb3 38. Rd1 Qxd3 39. Rxd3 Kf6 40. Kf1 Ke5 41. Ke2 Kd5 42. Rf3 Kc4 43. Rxf7 Kc3 44. Kd1 d3 45. Rf3 Rd5 46. Re3 g5 47. f4 gxf4 48. gxf4 Rd8 49. f5 Rg8 50. f6 Rg1+ 51. Re1 Rg2 52. Re6 Ra2 53. Ke1 Ra1+ 54. Kf2 d2 0-1

[Event "GEO-ch 60th 1 Liga"]
[Site "Tbilisi"]
[Date "2000.04.??"]
[Round "9"]
[White "Chigladze, Iveri"]
[Black "Bibilashvili, Giorgi"]
[Result "0-1"]
[WhiteElo "2163"]
[BlackElo "2208"]
[PlyCount "61"]
[EventDate "2000.??.??"]
[EventType "swiss"]
[EventRounds "9"]
[EventCountry "GEO"]
[SourceTitle "EXT 2004"]
[Source "ChessBase"]
[SourceDate "2003.11.25"]
[SourceVersion "1"]
[SourceVersionDate "2003.11.25"]
[SourceQuality "1"]

1. Nf3 Nf6 2. g3 g6 3. Bg2 Bg7 4. 0-0 0-0 5. c4 c6 6. d4 d6 7. Nc3 Nbd7 8. e4 e5 9. b3 Re8 10. Ba3 Qa5 11. Qc1 exd4 12. Nxd4 Qb6 13. Nde2 Nc5 14. Qc2 Bg4 15. Rae1 a5 16. h3 Bxe2 17. Rxe2 Re6 18. Kh2 Rae8 19. f3 Na6 20. Rd1 Nb4 21. Qd2 Qc7 22. h4 Nh5 23. Bh3 d5 24. Rg2 d4 25. Ne2 d3 26. Nc1 Be5 27. Bxe6 Nxg3 28. Kh3 Rxe6 29. Bxb4 axb4 30. Nxd3 Rd6 31. Qg5 0-1